20 Biggest Cities in South Carolina - Statistics

General Stats
  • This quiz has been taken 76 times
  • The average score is 12 of 20
Answer Stats
Hint Answer % Correct
156,868 Charleston
100%
144,489 Columbia
95%
73,394 Greenville
90%
40,938 Myrtle Beach
90%
123,441 North Charleston
82%
39,184 Spartanburg
72%
40,779 Florence
70%
75,971 Rock Hill
68%
38,267 Hilton Head Island
60%
52,145 Summerville
60%
42,548 Sumter
60%
33,216 Aiken
58%
96,567 Mount Pleasant
58%
30,148 Anderson
57%
50,248 Goose Creek
43%
28,938 Conway
42%
47,250 Greer
40%
36,438 Fort Mill
38%
29,088 Mauldin
30%
37,544 Bluffton
20%
No matching quizzes found
Score Distribution
Percent of People with Each Score
Percentile by Number Answered
Your Score History
You have not taken this quiz